Assessment and rehabilitation of existing culverts : (Record no. 529754)

000 -LEADER
fixed length control field 01798cam a22004097a 4500
001 - CONTROL NUMBER
control field 12848135
003 - CONTROL NUMBER IDENTIFIER
control field NUST
005 - DATE AND TIME OF LATEST TRANSACTION
control field 20191003094434.0
008 - FIXED-LENGTH DATA ELEMENTS--GENERAL INFORMATION
fixed length control field 020709s2002 dcuad bt 000 0 eng d
010 ## - LIBRARY OF CONGRESS CONTROL NUMBER
LC control number 2002109707
020 ## - INTERNATIONAL STANDARD BOOK NUMBER
International Standard Book Number 0309069203
035 ## - SYSTEM CONTROL NUMBER
System control number (DLC)12848135
038 ## - RECORD CONTENT LICENSOR
Staff Name MSOHAIL
040 ## - CATALOGING SOURCE
Original cataloging agency CBT
Transcribing agency CBT
Modifying agency PU
-- DLC
042 ## - AUTHENTICATION CODE
Authentication code lccopycat
043 ## - GEOGRAPHIC AREA CODE
Geographic area code n-us---
050 00 - LIBRARY OF CONGRESS CALL NUMBER
Classification number TE213
Item number .W93 2002
082 00 - DEWEY DECIMAL CLASSIFICATION NUMBER
Classification number 625.73420288
Edition number 22
100 1# - MAIN ENTRY--PERSONAL NAME
Personal name Wyant, David C.
9 (RLIN) 22474
245 10 - TITLE STATEMENT
Title Assessment and rehabilitation of existing culverts :
Remainder of title a synthesis of highway practice /
Statement of responsibility, etc. consultant, David C. Wyant.
260 ## - PUBLICATION, DISTRIBUTION, ETC.
Place of publication, distribution, etc. Washington, D.C. :
Name of publisher, distributor, etc. Transportation Research Board,
Date of publication, distribution, etc. 2002.
300 ## - PHYSICAL DESCRIPTION
Extent 74 p. :
Other physical details ill., charts ;
Dimensions 28 cm.
490 1# - SERIES STATEMENT
Series statement NCHRP synthesis,
International Standard Serial Number 0547-5570 ;
Volume/sequential designation 303
500 ## - GENERAL NOTE
General note At head of title: National Cooperative Highway Research Program.
500 ## - GENERAL NOTE
General note "Research sponsored by the American Association of State Highway and Transportation Officials in cooperation with the Federal Highway Administration."
504 ## - BIBLIOGRAPHY, ETC. NOTE
Bibliography, etc. note Includes bibliographical references (p. 36-37).
650 #0 - SUBJECT ADDED ENTRY--TOPICAL TERM
Topical term or geographic name entry element Culverts
Geographic subdivision United States
General subdivision Maintenance and repair.
9 (RLIN) 22475
710 2# - ADDED ENTRY--CORPORATE NAME
Corporate name or jurisdiction name as entry element National Cooperative Highway Research Program.
9 (RLIN) 20864
710 2# - ADDED ENTRY--CORPORATE NAME
Corporate name or jurisdiction name as entry element National Research Council (U.S.).
Subordinate unit Transportation Research Board.
9 (RLIN) 22476
710 2# - ADDED ENTRY--CORPORATE NAME
Corporate name or jurisdiction name as entry element American Association of State Highway and Transportation Officials.
9 (RLIN) 19553
710 1# - ADDED ENTRY--CORPORATE NAME
Corporate name or jurisdiction name as entry element United States.
Subordinate unit Federal Highway Administration.
9 (RLIN) 20149
830 #0 - SERIES ADDED ENTRY--UNIFORM TITLE
Uniform title Synthesis of highway practice ;
Volume/sequential designation 303.
9 (RLIN) 22477
906 ## - LOCAL DATA ELEMENT F, LDF (RLIN)
a 7
b cbc
c copycat
d 3
e ncip
f 20
g y-gencatlg
942 ## - ADDED ENTRY ELEMENTS (KOHA)
Source of classification or shelving scheme
Koha item type Book
Holdings
Withdrawn status Lost status Source of classification or shelving scheme Damaged status Not for loan Permanent Location Current Location Date acquired Total Checkouts Full call number Barcode Date last seen Price effective from Koha item type
          School of Civil and Environmental Engineering (SCEE) School of Civil and Environmental Engineering (SCEE) 10/03/2019   625.73420288 NIT-11113 10/03/2019 10/03/2019 Book
© 2023 Central Library, National University of Sciences and Technology. All Rights Reserved.